Najgęściej zaludnione miasta w Polsce - Statystyki

Ogólne statystyki
  • Ten quiz został rozwiązany 296 razy
  • Średni wynik to 6 z 18
Statystyki odpowiedzi
L.p Miasto Gęstość
zaludnienia
Województwo % Poprawnych
4. Warszawa 3 601 os/km2 Mazowieckie
96%
5. Pruszków 3 421 os/km2 Mazowieckie
60%
12. Białystok 2 848 os/km2 Podlaskie
51%
3. Legionowo 3 877 os/km2 Mazowieckie
46%
8. Piaseczno 3 187 os/km2 Mazowieckie
45%
10. Chorzów 3 002 os/km2 Śląskie
43%
1. Ząbki 4 143 os/km2 Mazowieckie
40%
13. Ełk 2 825 os/km2 Warmińsko-Mazurskie
32%
15. Grodzisk Mazowiecki 2 646 os/km2 Mazowieckie
27%
7. Świętochłowice 3 400 os/km2 Śląskie
25%
9. Mińsk Mazowiecki 3 019 os/km2 Mazowieckie
19%
18. Tczew 2 536 os/km2 Pomorskie
19%
14. Żyrardów 2 681 os/km2 Mazowieckie
19%
6. Swarzędz 3 408 os/km2 Wielkopolskie
18%
2. Piastów 3 962 os/km2 Mazowieckie
16%
17. Kościan 2 582 os/km2 Wielkopolskie
7%
16. Nowy Tomyśl 2 591 os/km2 Wielkopolskie
5%
11. Nowe Skalmierzyce 2 884 os/km2 Wielkopolskie
3%
Nie znaleziono quizów pasujących do podanych kryteriów
Rozkład punktacji
Procent ludzi z każdym wynikiem
Percentyl według liczby udzielonych odpowiedzi
Twoja historia wyników
Nie rozwiązałeś tego quizu